00270nam a2200109Ia 4500008004100000100002100041245004400062260002200106300000800128942000700136999001700143190216s9999||||xx |||||||||||||| ||und|| aJanardhanapillai 0aSeries In Mathematics- Main Mathematics bAjith Book Center a176 cBK c31268d31268